000 00402nam a22001697a 4500
005 20160614150820.0
008 160614b xxu||||| |||| 00| 0 eng d
020 _a81-259-0015-2
041 _aeng
082 _b7507
100 _aBhatia, H.L.
_9495
245 _aPublic Finance
260 _aNew Delhi
_bVikas Publishing House (P) Ltd.
300 _a684
650 _aManagement
_9241
942 _cBK
999 _c2684
_d2683